| 000 | 00433cam a2200169ua 4500 | ||
|---|---|---|---|
| 020 | _c25snet | ||
| 041 |
_aeng _h |
||
| 082 |
_a339.5 _bMAK/AC |
||
| 100 | _aMakower, H . | ||
| 245 |
_aActivity analysis and the theory of economic equillibrium / _cMakower. _hTextual Documents |
||
| 260 |
_a : _bMacmillian co LTD , _c1959. |
||
| 300 | _a192 ; . | ||
| 365 | _a25snet | ||
| 504 | _a | ||
| 942 | _cBK | ||
| 999 |
_c11255 _d11255 |
||